| 000 | 01669nam a2200529 i 4500 | ||
|---|---|---|---|
| 001 | 35933 | ||
| 003 | KOSZ 005 | ||
| 005 | 20220722120428.0 | ||
| 008 | 000203s1999 pl a |001 0 pol | ||
| 015 | _aUWD 2000/2083 | ||
| 020 | _a8321340989 | ||
| 035 | _a991012866299705066 | ||
| 035 | _a(PL-WaBN)b13475356-48omnis_nlop | ||
| 035 | _ab13475356 | ||
| 035 | _a(OCoLC)749387029 | ||
| 035 | _azz2002943608 | ||
| 035 | _a(PL)b0000001347535 | ||
| 035 | _a(EXLNZ-48OMNIS_NETWORK)9910025494805606 | ||
| 040 |
_aWA N _cWA N _dKOSZ 005/HR |
||
| 041 | 0 | _apol | |
| 046 | _k1999 | ||
| 080 | _a338.24(438-21) | ||
| 080 | _a711(438) | ||
| 080 | _a351(438-21) | ||
| 080 | _a(075.8) | ||
| 100 | 1 |
_aPęski, Wojciech _eAutor |
|
| 245 | 1 | 0 |
_aZarządzanie zrównoważonym rozwojem miast / _cWojciech Pęski. |
| 260 |
_aWarszawa : _b"Arkady", _c1999. |
||
| 300 |
_a293, [1] s. : _bil., mapy ; _c25 cm. |
||
| 336 |
_aTekst _btxt _2rdacontent |
||
| 337 |
_aBez urządzenia pośredniczącego _bn _2rdamedia |
||
| 338 |
_aWolumin _bnc _2rdacarrier |
||
| 380 | _aKsiążki | ||
| 388 | _a1901-2000 | ||
| 388 | _a1989-2000 | ||
| 504 | _aBibliogr. - Indeks. | ||
| 650 | 7 |
_aMiasta _2DBN |
|
| 650 | 7 |
_aZarządzanie rozwojem _2DBN |
|
| 650 | 7 | _aRozwój zrównoważony | |
| 655 | 7 |
_aPodręczniki akademickie _2DBN |
|
| 658 | _aGospodarka, ekonomia, finanse | ||
| 658 | _aPolityka, politologia, administracja publiczna | ||
| 710 | 2 |
_aWydawnictwo Arkady _4pbl |
|
| 856 |
_uhttp://koha.tu.koszalin.pl/cgi-bin/koha/opac-detail.pl?biblionumber=35933 _yKatalog online BPK |
||
| 942 |
_2UKD _cKS |
||
| 999 |
_c35933 _d35933 |
||